|
|
|
|
| LEADER |
00000nam a2200000 a 4500 |
| 001 |
vtls001330331 |
| 003 |
SK-MaSNL |
| 005 |
20260301235658.0 |
| 008 |
130606s1998 xo 0 slo |
| 015 |
|
|
|a SNBJ1998/04-02878
|
| 035 |
|
|
|a SNK000283192
|
| 040 |
|
|
|a SNK
|b slo
|c SNK
|e AACR2
|
| 044 |
|
|
|a xo
|c SK
|
| 080 |
|
|
|a 885.4-3+787.1+786.2(086.7)
|2 1981
|
| 080 |
|
|
|a 787.1
|2 1981
|
| 080 |
|
|
|a 786.2
|2 1981
|
| 245 |
1 |
|
|a Hviezdne žiarenie
|h zvukový dokument
|c scenár, réžia Viliam Ján Gruska
|
| 260 |
|
|
|a Martin
|b Nový život Turca
|c 1998
|
| 300 |
|
|
|a 1 kompaktná platňa (73 min. 49 sek.)
|b stereo
|
| 500 |
|
|
|a Design Viliam J. Gruska
|
| 505 |
0 |
|
|a Obsahuje 28 diel
|
| 511 |
|
|
|a Spieva Ľuba Baricová
|
| 511 |
|
|
|a Dalibor Karvay, husle; Tatiana Fraňová, Daniel Buranovský, klavír
|
| 511 |
|
|
|a Účinkujú Monika Barabášová, Zuzana Bukovská, Mária Cicková, Elena Petrovická, Peter Bzdúch, Peter Fuchsberger, Viliam J. Gruska, Marek Habrda, Jozef Horváth, Ján Bohdan Hroboň, Ladislav Chudík, Ivan Petrovický, Vladimír Štefko, Ľubomír Vajdička
|
| 650 |
0 |
7 |
|a slovesná tvorba
|x hudba pre husle
|x hudba pre klavír
|x platne kompaktné
|2 SNK
|9 633230
|
| 650 |
0 |
7 |
|a hudba pre husle
|x platne kompaktné
|2 SNK
|9 293805
|
| 650 |
0 |
7 |
|a hudba pre klavír
|x platne kompaktné
|2 SNK
|9 283900
|
| 655 |
|
7 |
|a kompaktné platne
|2 SNK
|9 70690
|
| 700 |
1 |
|
|a Gruska, Viliam,
|d 1936-2019
|4 aud
|4 uci
|4 gup
|9 191840
|
| 700 |
1 |
|
|a Karvay, Dalibor,
|d 1985-
|4 uci
|9 113998
|
| 700 |
1 |
|
|a Fraňová, Tatiana,
|d 1945-2023
|4 uci
|9 41924
|
| 700 |
1 |
|
|a Brunovský, Daniel,
|d 1959-
|4 uci
|9 120160
|
| 700 |
1 |
|
|a Baricová, Ľuba,
|d 1935-
|4 roz
|9 163387
|
| 700 |
1 |
|
|a Barabášová, Monika
|4 uci
|9 42709
|
| 700 |
1 |
|
|a Bukovská, Zuzana
|4 uci
|9 401262
|
| 700 |
1 |
|
|a Cicková, Mária
|4 uci
|9 605732
|
| 700 |
1 |
|
|a Petrovická, Elena,
|d 1941-
|4 uci
|9 234209
|
| 700 |
1 |
|
|a Bzdúch, Peter,
|d 1955-2012
|4 uci
|9 107735
|
| 700 |
1 |
|
|a Fuchsberger, Peter,
|d 1950-1997
|4 uci
|9 164539
|
| 700 |
1 |
|
|a Habrda, Marek
|4 uci
|9 633231
|
| 700 |
1 |
|
|a Horváth, Jozef
|4 uci
|9 5225
|
| 700 |
1 |
|
|a Hroboň, Ján Bohdan,
|d 1938-2006
|4 uci
|9 258572
|
| 700 |
1 |
|
|a Chudík, Ladislav,
|d 1924-2015
|4 uci
|9 101396
|
| 700 |
1 |
|
|a Petrovický, Ivan,
|d 1933-2009
|4 uci
|9 125350
|
| 700 |
1 |
|
|a Štefko, Vladimír,
|d 1942-
|4 uci
|9 103434
|
| 700 |
1 |
|
|a Vajdička, Ľubomír,
|d 1944-
|4 uci
|
| 999 |
|
|
|c 976141
|d 978071
|
| 952 |
|
|
|t P60, <03>, [BOOK], {603}
|a SNK
|b SNK
|y PREZ
|7 0
|p 17A0134124
|o snkSCD 739
|i snkJK 223/98
|0 0
|1 0
|4 0
|d 1998-05-06
|l 0
|r 2005-01-02 00:00:00
|w 2026-02-24
|